| 000 | 00314 a2200121 4500 | ||
|---|---|---|---|
| 001 | 86594 | ||
| 082 | _a398.2 LOK | ||
| 090 |
_c40771 _d40771 |
||
| 100 | _aSharif Poonchwalay | ||
| 245 |
_aFolklore of Kashmir (Audio CD) _hAudio CD |
||
| 260 |
_aLok Virsa _bLok Virsa Islamabad _c2012 |
||
| 500 | _aLok Virsa (CD/DVD) | ||
| 942 |
_aCAENUST _k398.2 LOK |
||
| 999 |
_c321667 _d321667 |
||